<?xml version="1.0" encoding="UTF-8"?>
<record
    xmlns:xsi="http://www.w3.org/2001/XMLSchema-instance"
    xsi:schemaLocation="http://www.loc.gov/MARC21/slim http://www.loc.gov/standards/marcxml/schema/MARC21slim.xsd"
    xmlns="http://www.loc.gov/MARC21/slim">

  <leader>03434cam a22004454i 4500</leader>
  <controlfield tag="003">PE-LiUPU</controlfield>
  <controlfield tag="005">20250731165417.0</controlfield>
  <controlfield tag="008">151209s2013    pe a   grm    000 0 spa d</controlfield>
  <datafield tag="035" ind1=" " ind2=" ">
    <subfield code="a">(Sirsi) a155447</subfield>
  </datafield>
  <datafield tag="040" ind1=" " ind2=" ">
    <subfield code="a">PE-LiUPU</subfield>
    <subfield code="b">spa</subfield>
    <subfield code="c">PE-LiUPU</subfield>
    <subfield code="e">rda</subfield>
  </datafield>
  <datafield tag="099" ind1=" " ind2=" ">
    <subfield code="a">TF 3</subfield>
    <subfield code="b">C77 2013</subfield>
  </datafield>
  <datafield tag="100" ind1="1" ind2=" ">
    <subfield code="a">C&#xF3;rdova Cornejo, Nancy Rebeca,</subfield>
    <subfield code="e">autor</subfield>
  </datafield>
  <datafield tag="245" ind1="1" ind2=" ">
    <subfield code="a">Estilos de apego y bienestar psicol&#xF3;gico en madres adventistas y cat&#xF3;licas de los alumnos del nivel primario de la Instituci&#xF3;n Educativa Privada Espa&#xF1;a, 2013 /</subfield>
    <subfield code="c">Nancy Rebeca C&#xF3;rdova Cornejo.</subfield>
  </datafield>
  <datafield tag="264" ind1=" " ind2="0">
    <subfield code="c">2013.</subfield>
  </datafield>
  <datafield tag="300" ind1=" " ind2=" ">
    <subfield code="a">140 hojas : </subfield>
    <subfield code="b">ilustraciones;</subfield>
    <subfield code="c">30 cm</subfield>
  </datafield>
  <datafield tag="336" ind1=" " ind2=" ">
    <subfield code="a">text</subfield>
    <subfield code="2">rdacontent</subfield>
  </datafield>
  <datafield tag="337" ind1=" " ind2=" ">
    <subfield code="a">unmediated</subfield>
    <subfield code="2">rdamedia</subfield>
  </datafield>
  <datafield tag="338" ind1=" " ind2=" ">
    <subfield code="a">volume</subfield>
    <subfield code="2">rdacarrier</subfield>
  </datafield>
  <datafield tag="502" ind1=" " ind2=" ">
    <subfield code="a">Tesis</subfield>
    <subfield code="b">(Mg.) -- </subfield>
    <subfield code="c">Universidad Peruana Uni&#xF3;n,</subfield>
    <subfield code="d">2013.</subfield>
  </datafield>
  <datafield tag="504" ind1=" " ind2=" ">
    <subfield code="a">Incluye referencias</subfield>
  </datafield>
  <datafield tag="520" ind1="3" ind2=" ">
    <subfield code="a">La presente investigaci&#xF3;n pertenece a un dise&#xF1;o descriptivo correlacional comparativo, porque los resultados obtenidos han permitido determinar la relaci&#xF3;n entre los distintos estilos de apego con el bienestar psicol&#xF3;gico de las madres adventistas y cat&#xF3;licas. El objetivo principal de este estudio es determinar si existe relaci&#xF3;n entre los distintos estilos de apego con el bienestar psicol&#xF3;gico en madres adventistas y cat&#xF3;licas de alumnos del nivel primario de la Instituci&#xF3;n Educativa Privada (IEP) Espa&#xF1;a. Para la recolecci&#xF3;n de datos se ha aplicado dos instrumentos bases: un cuestionario sobre estilos de apego, Escala de actitudes hacia las relaciones en general de Collins y Read (1990) adaptado por Tac&#xF3;n y Caldera I.  (2001);  el segundo instrumento contiene dos cuestionarios que han permitido evaluar el bienestar psicol&#xF3;gico: Escala de bienestar psicol&#xF3;gico existencial de Ellison Nelson (1999), adaptado por Torres /2001a) y la Escala de bienestar subjetivo de Jos&#xE9; S&#xE1;nchez C&#xE1;novas (1998) adaptado por Torres (2001&#xAA;). Este instrumento fue adaptado por la autora para fines del presente trabajo de investigaci&#xF3;n (2013). La validaci&#xF3;n del instrumento se ha realizado mediante el juicio de expertos, generando un proceso de reducci&#xF3;n de dimensiones mediante el programa SPSS 18. La confiabilidad del instrumento se determin&#xF3; a trav&#xE9;s del Alfa de Cronbach. Los datos obtenidos se analizaron usando los estad&#xED;sticos: Rho de Spearman y chi cuadrado. De acuerdo con los resultados obtenidos, se ha concluido que si existe relaci&#xF3;n significativa entre los diversos estilos de apego con el bienestar psicol&#xF3;gico en madres adventistas y cat&#xF3;licas. Difieren en forma significativa el estilo de apego, el grado de seguridad experimentados en las relaciones interpersonales y el bienestar psicol&#xF3;gico; igual sucede con parte de la salud en su sentido m&#xE1;s general y manifestada en todas las esferas de la actividad humana que proporciona salud mental y felicidad de madres adventistas y cat&#xF3;licas.</subfield>
  </datafield>
  <datafield tag="526" ind1=" " ind2=" ">
    <subfield code="a">SEG44</subfield>
  </datafield>
  <datafield tag="526" ind1=" " ind2=" ">
    <subfield code="a">SEG26</subfield>
  </datafield>
  <datafield tag="526" ind1=" " ind2=" ">
    <subfield code="a">P151</subfield>
  </datafield>
  <datafield tag="526" ind1=" " ind2=" ">
    <subfield code="a">P150</subfield>
  </datafield>
  <datafield tag="526" ind1=" " ind2=" ">
    <subfield code="a">P149</subfield>
  </datafield>
  <datafield tag="526" ind1=" " ind2=" ">
    <subfield code="a">P146</subfield>
  </datafield>
  <datafield tag="526" ind1=" " ind2=" ">
    <subfield code="a">P145</subfield>
  </datafield>
  <datafield tag="526" ind1=" " ind2=" ">
    <subfield code="a">P126</subfield>
  </datafield>
  <datafield tag="526" ind1=" " ind2=" ">
    <subfield code="a">P125</subfield>
  </datafield>
  <datafield tag="526" ind1=" " ind2=" ">
    <subfield code="a">P92</subfield>
  </datafield>
  <datafield tag="526" ind1=" " ind2=" ">
    <subfield code="a">P75</subfield>
  </datafield>
  <datafield tag="526" ind1=" " ind2=" ">
    <subfield code="a">P74</subfield>
  </datafield>
  <datafield tag="526" ind1=" " ind2=" ">
    <subfield code="a">P27</subfield>
  </datafield>
  <datafield tag="526" ind1=" " ind2=" ">
    <subfield code="a">P15</subfield>
  </datafield>
  <datafield tag="650" ind1="0" ind2="4">
    <subfield code="a">Apego (Psicolog&#xED;a)</subfield>
    <subfield code="x">Madres</subfield>
    <subfield code="x">Aspectos psicol&#xF3;gicos</subfield>
  </datafield>
  <datafield tag="596" ind1=" " ind2=" ">
    <subfield code="a">1</subfield>
  </datafield>
  <datafield tag="942" ind1=" " ind2=" ">
    <subfield code="2">ddc</subfield>
    <subfield code="c">TESIS</subfield>
  </datafield>
  <datafield tag="999" ind1=" " ind2=" ">
    <subfield code="a">TF 3 C77 2013</subfield>
    <subfield code="w">ALPHANUM</subfield>
    <subfield code="c">8126</subfield>
    <subfield code="i">T01377</subfield>
    <subfield code="l">CCODEBUL3</subfield>
    <subfield code="m">BUL</subfield>
    <subfield code="r">1</subfield>
    <subfield code="s">Y</subfield>
    <subfield code="t">TESIS</subfield>
    <subfield code="u">2015-12-9</subfield>
    <subfield code="x">POSGRADO</subfield>
    <subfield code="P">P54</subfield>
    <subfield code="o">.STAFF. Tesis</subfield>
    <subfield code="d">8126</subfield>
  </datafield>
  <datafield tag="980" ind1=" " ind2=" ">
    <subfield code="8">1</subfield>
    <subfield code="g">ALBERTO SANCHEZ Responsable de Automatizaci&#xF3;n</subfield>
  </datafield>
  <datafield tag="952" ind1=" " ind2=" ">
    <subfield code="r">2022-07-06 00:00:00</subfield>
    <subfield code="l">0</subfield>
    <subfield code="o">TF 3 C77 2013</subfield>
    <subfield code="p">T01377</subfield>
    <subfield code="t">e1</subfield>
    <subfield code="w">2015-12-09</subfield>
    <subfield code="x">PG</subfield>
    <subfield code="y">TESIS</subfield>
    <subfield code="z">Este &#xCD;tem NO se presta por ser Ejemplar #1.</subfield>
    <subfield code="1">0</subfield>
    <subfield code="2">ddc</subfield>
    <subfield code="7">1</subfield>
    <subfield code="8">TESIS</subfield>
    <subfield code="f">P54</subfield>
    <subfield code="a">BUL</subfield>
    <subfield code="b">BUL</subfield>
    <subfield code="c">TESIS</subfield>
    <subfield code="d">2015-12-09</subfield>
  </datafield>
</record>
